The soldier : a poem /

Bibliographic Details
Main Author: Aiken, Conrad, 1889-1973
Format: Book
Language:English
Published: Norfolk, Conn. : New Directions, [1944]
Series:Poets of the year ; 1944.
Subjects:

MARC

Tag First Indicator Second Indicator Subfields
LEADER 00000cam a22000001a 4500
001 in00000026257
005 20151007061219.0
008 780227s1944 ctu 000 0 eng
010 |a  44051024  
016 7 |a 012787222  |2 Uk 
019 |a 809565  |a 3673915  |a 12357913  |a 31266407  |a 606299789 
035 |a (OCoLC)ocm09846470 
035 |9 AAD1451AM 
035 |a (OCoLC)9846470  |z (OCoLC)809565  |z (OCoLC)3673915  |z (OCoLC)12357913  |z (OCoLC)31266407  |z (OCoLC)606299789 
040 |a DLC  |b eng  |c OUN  |d DLC  |d KSU  |d NLGGC  |d STF  |d UPM  |d TXJ  |d BUF  |d UKMGB  |d OCLCF  |d OCLCO  |d UtOrBLW 
042 |a premarc 
049 |a TXAM  |c [474249] 
050 0 0 |a PS3501.I5  |b S6 
082 0 |a 811.5 
084 |a 18.06  |2 bcl 
090 |a PS3501.I5  |b S6 1944 
100 1 |a Aiken, Conrad,  |d 1889-1973. 
245 1 4 |a The soldier :  |b a poem /  |c by Conrad Aiken. 
264 1 |a Norfolk, Conn. :  |b New Directions,  |c [1944] 
264 4 |c ©1944 
300 |a [1]-32 pages ;  |c 23 cm. 
336 |a text  |b txt  |2 rdacontent 
337 |a unmediated  |b n  |2 rdamedia 
338 |a volume  |b nc  |2 rdacarrier 
490 1 |a The poets of the year ;  |v 1944 
500 |a "1 of 1000 copies issued simultaneously as a pamphlet for subscribers." 
510 4 |a Bonnell. Aiken,  |c A36b. 
500 |a In light gray paper wrappers folded over stiff paper ends; printed in black and orange. 
500 |a Purchased for the Cushing Library/Lit./Mitchell Collection by The Cushing Library. 
650 0 |a Poetry. 
650 7 |a Poetry.  |2 fast  |0 (OCoLC)fst01067691 
776 0 8 |i Online version:  |a Aiken, Conrad, 1889-1973.  |t Soldier.  |d Norfolk, Conn. : New Directions, c1944  |w (OCoLC)565613750 
830 0 |a Poets of the year ;  |v 1944. 
994 |a C0  |b TXA 
999 |a MARS 
999 f f |s 068ad58f-5fb1-3fb1-84e0-5fd4f667cc9b  |i 6db8c5e6-7027-3b04-a066-1923c99c0c94  |t 0 
952 f f |p ric  |a Texas A&M University  |b Rellis Campus  |c Joint Library Facility  |s JLF  |d Remote Storage  |t 0  |e PS3501.I5 S6  |h Library of Congress classification  |i unmediated -- volume  |m A14801213205 
998 f f |a PS3501.I5 S6  |t 0  |l Remote Storage